Zvláštnosti jesenného počasia

Bibliographic Details
Main Author: Lapin, Milan, 1948- (Author)
Format: Article
Language:Slovak
ISSN:1336-5568
Subjects:

MARC

LEADER 00000nab a2200000 ar4500
001 vtls008936725
003 SK-MaSNL
005 20260303070653.0
008 070118c2006 xo |||||||||||000 b|slo
015 |a SNBRB2007/01  |2 snkbucl 
038 |a SNKBUCL 
040 |a SNKBUCL  |b slo  |c SNKBUCL  |e AACR2 
041 0 |a slo 
044 |a xo  |c SK 
080 |a 551.515"323"  |2 1997 
100 1 |a Lapin, Milan,  |d 1948-  |4 aut  |9 107684 
245 1 0 |a Zvláštnosti jesenného počasia  |c Milan Lapin 
650 0 7 |a počasie  |2 snkbucl  |9 942 
650 0 7 |a jeseň   |2 snkbucl  |9 49695 
773 0 |t Naše poľovníctvo  |g Roč. III, č. 10 (2006), s. 13  |x 1336-5568 
852 |a SNK  |b KIS3GCP 
999 |c 1756424  |d 1758354